| 000 | 00676nam a22002055i 4500 | ||
|---|---|---|---|
| 001 | 177115 | ||
| 003 | ES-MaACL | ||
| 005 | 20230906220245.0 | ||
| 008 | 110303s1967 sp |||| | cat d | ||
| 080 | _a821.134.1-311.2"19" | ||
| 100 | 1 |
_aCarbó, Joaquín. _935016 |
|
| 245 | 1 | 2 |
_aL'escapada / _cJoaquim Carbó. |
| 260 |
_aMadrid ; Barcelona : _bAlfaguara, _cimp. 1967. |
||
| 300 |
_a92 p. ; _c17 cm. |
||
| 490 | 1 |
_aLa novel·la popular. Contemporània, inèdita, catalana ; _v10 |
|
| 546 | _aTexto en catalán. | ||
| 830 | 0 |
_aLa novel·la popular. Contemporània, inèdita, catalana ; _v10 _9190353 |
|
| 852 |
_aES-MaACL _jE-14538 _xOlim P-1333 |
||
| 999 |
_c177115 _d177115 |
||